|
|
|
|
| LEADER |
01273nam a22003137a 4500 |
| 001 |
32389 |
| 003 |
BD-DhAAL |
| 005 |
20250623115536.0 |
| 008 |
171205t2009 uc a|||| b||| 001 0 eng d |
| 020 |
|
|
|a 9780978555290
|
| 020 |
|
|
|a 0978555295
|
| 040 |
|
|
|a BD-DhAAL
|d BD-DhAAL
|
| 082 |
|
|
|a 973.9203
|2 22
|
| 245 |
|
|
|a Design intelligence almanac of architecture & design /
|c edited by James P. cramer., Jennifer evans yankopolus.
|
| 250 |
|
|
|a Tenth edition.
|
| 260 |
|
|
|a Atlanta :
|b Greenway Communications,
|c c2009.
|
| 300 |
|
|
|a xiii, 590 pages :
|b illustrations ;
|c 23 cm.
|
| 504 |
|
|
|a Includes bibliographical references and index(527-590)
|
| 526 |
|
|
|a AAL
|
| 541 |
|
|
|a Trim Education
|e 32389
|
| 651 |
|
|
|a United States
|e Civilization
|v Encyclopedias.
|9 24220
|
| 651 |
|
|
|a United States
|e Intellectual life
|v Encyclopedias.
|9 24221
|
| 651 |
|
|
|a United States
|e Social conditions
|v Encyclopedias.
|9 24221
|
| 700 |
|
|
|a Cramer, james p.
|9 26778
|
| 700 |
|
|
|a Yankopolus, jennifer evans.
|9 26779
|
| 852 |
|
|
|a Ayesha Abed Library
|c General stacks
|
| 942 |
|
|
|2 ddc
|c BK
|
| 999 |
|
|
|c 38751
|d 38751
|
| 952 |
|
|
|0 0
|1 0
|2 ddc
|4 0
|6 973_920300000000000_JAM
|7 0
|9 62162
|a BRACUL
|b BRACUL
|c GEN
|d 2017-12-05
|e Trim Education
|g 4960.00
|l 0
|o 973.9203 JAM
|p 3010032389
|r 2017-12-05
|t 1
|v 4960.00
|w 2017-12-05
|y BK
|